000 00545nam a22001697a 4500
999 _c195386
_d195386
005 20230324143347.0
010 _aENG-136499
020 _a9788175225091
_c1000.00
035 _aEN-120031
037 _bDBAD/PUB
082 _a704.94230954
245 _aRabindranath Portraits And Self Portraits/
260 _bKumkum Bhattacharya Publishing Department
_aKolkata
270 _bKolkata
_aVisva Bharti 6 Acharya Jagdish Chandra Bose Road
_e700017
300 _a87p.;
_c28cm(hbk)
_bill.
942 _2ddc
_cEN
_h704.94230954
_mRAB